| 000 | 00238 a2200109 4500 | ||
|---|---|---|---|
| 999 |
_c328236 _d328236 |
||
| 001 | 93163 | ||
| 003 | NUST | ||
| 005 | 20180120132827.0 | ||
| 008 | 180120b xxu||||| |||| 00| 0 eng d | ||
| 082 | _a770 BRO | ||
| 100 |
_aBroderick, P _99199 |
||
| 245 |
_aAmateur Film Making _hEnglish |
||
| 260 |
_bArco _c1964 |
||
| 942 |
_aCAE NUST _cBK _k770 BRO _2ddc |
||